Popularizačné aplikácie viacfarebných organických elektroluminiscenčných diód (OLED)
Gespeichert in:
| 1. Verfasser: | |
|---|---|
| Weitere Verfasser: | |
| Format: | Manuskript Buch |
| Sprache: | Slowakisch |
| Veröffentlicht: |
Bratislava :
STU v Bratislave FEI,
2022
|
| Schlagworte: | |
| Online-Zugang: | https://opac.crzp.sk/?fn=detailBiblioFormChildQ1SAV&sid=378281AEB05FBF71793DC8A6EBFA&seo=CRZP-detail-kniha |
| Tags: |
Keine Tags, Fügen Sie das erste Tag hinzu!
|
MARC
| LEADER | 00000ntm a22000003a 4500 | ||
|---|---|---|---|
| 001 | stuzp86331 | ||
| 003 | SK-STU | ||
| 005 | 20230306102004.5 | ||
| 007 | ta | ||
| 008 | 150427s2015----xo-----f-mn---000-0-slo-d | ||
| 040 | |a STU |b slo | ||
| 041 | 0 | |a slo | |
| 044 | |a xo | ||
| 100 | 1 | |a Kokavec, Ondrej |u 033000 |4 aut |U FEI Fakulta elektrotechniky a informatiky |T FEI Ústav elektroniky a fotoniky |X 104328 |U E030 |Y 549 |7 104328 | |
| 242 | 0 | 1 | |a Dissemination Application of Multi-colour Organic Light-Emitting Diode (OLED) |y eng |
| 245 | 1 | 0 | |a Popularizačné aplikácie viacfarebných organických elektroluminiscenčných diód (OLED) |
| 260 | |a Bratislava : |b STU v Bratislave FEI, |c 2022 | ||
| 300 | |a 55 s. | ||
| 650 | 4 | |a OLED |2 slo | |
| 650 | 4 | |a Demonštrátor |2 slo | |
| 650 | 4 | |a Organická elektronika |2 slo | |
| 650 | 4 | |a Organic electronics |2 eng | |
| 650 | 4 | |a OLED |2 eng | |
| 650 | 4 | |a Demonstrator |2 eng | |
| 700 | 1 | |a Mičjan, Michal |u 033000 |k Z2 |4 ths |U FEI Fakulta elektrotechniky a informatiky |T FEI Ústav elektroniky a fotoniky |X 6212 |U E030 |Y 549 |7 A000006212 | |
| 856 | 4 | |u https://opac.crzp.sk/?fn=detailBiblioFormChildQ1SAV&sid=378281AEB05FBF71793DC8A6EBFA&seo=CRZP-detail-kniha | |